00309nam a2200121Ia 4500008004100000041000800041082001700049100001600066245002100082260004800103300002400151365001200175240624s9999 xx 000 0 und d aeng a305.4201 BRO aBROWNE JUDE aFUTURE OF GENDER c2007aCambridgebCambridge University Press a298 : p. : cm. ; 22 cBPSb30